00759cam a22002657a 4500003000500000005001700005008004100022010001000063011001000073035001000083040000900093082002100102110000800123245012000131260002400251300001200275410000800287490002700295650004000322650004600362700003200408700001800440810000800458830002700466CHAP20220817043601.0991216d1993 it rn 00110 spa d a79101 a80073 a90515 cCHAP a301.35bF3Y v.112 aFAO13aLa modernización de la agricultura :blos pequeños tambien puedenc/por Jorge Gaitán Arciniegas y Polan Lacki aRoma :bFAO,c1993. a82 p. : aFAO 0aDesarrollo ruralv; 1114aAgriculturaxAspectos económicos.14aAgriculturaxInnovaciones tecnológicas.0 aGaitán Arciniegas, Jorge.0 aLacki, Polan.0 aFAO 0aDesarrollo ruralv; 11